1008 1427 1182 1176 1676 1923 1204 1885 1768 1473 1908 1075 1742 1419 1479 1501 1641 1775 1020 1745 1786 1319 1670 1534 1081 1489 1377 1254 1863 1943 1772 1830 1372 1234 1557 1088 1647 1332 1613 1754 1874 1683 1808 1369 1611 1013 1755 1794 1447 1519 1008 1346 1015 1973 1545 1323 1970 1670 1944 1448 1350 1936 1304 1232 1759 1756 1359 1422 1781 1003 1120 1744 1332 1867 1452 1829 1776 1907 1494 1832 1890 1019 1689 1624 1836 1795 1953 1046 1953 1559 1228 1207 1152 1084 1252 1899 1503 1391 1359 BCNSPRNW ULIB Ver.6.0+V

เปลี่ยนเป็นภาษาไทย

Change to English
 แสดงรายละเอียดบรรณานุกรม
  กลับหน้าหลัก

Brief Record : Get Marc (ISO 2709) : E-mail record : QR code < ปิดหน้าต่าง
LEADER : 00000nam 2200000uu 4500
001    13399115017
003     ULIB
008    020711s|||| th a 000 0 tha d
245    ^aขงเบ้งผู้หยั่งรู้ดินฟ้ามหาสมุทร/^cยาขอบ
260    ^a ^bม.ป.ท.,^cม.ป.ป.
945    ^p0^l0^i024700
999    ^aวรรณษา ชูชัยมงคล
รายการนี้ยังไม่มีแท็ก
คุณยังไม่ได้ล็อกอิน คุณสามารถมีกิจกรรมร่วมกับเว็บไซต์ได้ แต่ต้องล็อกอินก่อน ::
  ล็อกอิน

รายการสื่อสารสนเทศ

ลำดับที่ ประเภท เลขเรียก/บาร์โค้ด สถานที่ สถานะ
1. นวนิยาย
นวนิยาย
 ฉ.1 
  Barcode: 024700
ห้องสมุดวิทยาเขตสวรรค์ประชารักษ์
►นวนิยาย
บนชั้น
  ขอยืม

รายการใกล้เคียง
    ผู้แต่ง []

BibComment


ยังไม่เคยถูกคอมเมนท์

คอมเมนท์ทรัพยากรรายการนี้
  คอมเมนท์: ขงเบ้งผู้หยั่งรู..


 Copyright 2026. Bcnsprnw @Library